Economic analysis of law : (Record no. 84039)

MARC details
000 -LEADER
fixed length control field 00591nam a22001817a 4500
005 - DATE AND TIME OF LATEST TRANSACTION
control field 20140722154832.0
010 ## - LCCN (DPL NO)
LC control number ENG-109928
020 ## - INTERNATIONAL STANDARD BOOK NUMBER
International Standard Book Number 9789351430278
Terms of availability 695.00
035 ## - SYSTEM CONTROL NUMBER
System control number EN-93461
037 ## - SOURCE OF ACQUISITION
Source of stock number/acquisition DBAD/PUB
082 ## - DEWEY DECIMAL CLASSIFICATION NUMBER
Classification number 343.5407
245 00 - TITLE STATEMENT
Title Economic analysis of law :
Statement of responsibility, etc edited by Bimal N Patel...[et al]
Remainder of title an Indian perspective /
260 ## - PUBLICATION, DISTRIBUTION, ETC. (IMPRINT)
Place of publication, distribution, etc Gurgaon
Name of publisher, distributor, etc Lexis Nexis
Date of publication, distribution, etc 2013
270 ## - ADDRESS
Address 14th Floor, Bldg No.10, Tower-B, DLF Cyber City, Phase-II
City Gurgaon
Postal code 122002
300 ## - PHYSICAL DESCRIPTION
Extent xxi,612p.
Dimensions 24cm(pbk)
700 ## - ADDED ENTRY--PERSONAL NAME
Personal name Patel, Bimal N.
942 ## - ADDED ENTRY ELEMENTS (KOHA)
Source of classification or shelving scheme Dewey Decimal Classification
Item type English Books
Call number suffix ECO
Classification part 343.5407
Holdings
Withdrawn status Lost status Not for loan Collection code Home library Current library Date acquired Source of acquisition Cost, normal purchase price Full call number Barcode Copy number Cost, replacement price Koha item type
    Not For Loan Non-fiction D.B.Act.Division D.B.Act.Division 07/05/2014 DBAD / PUB 695.00 343.5407 ECO EN-93461 1 695.00 English Books

© Delhi Public Library
Hit Counter
free hit counter